1916 1924 1881 1344 1955 1243 1682 1384 1366 1121 1209 1846 1952 1255 1529 1992 1826 1225 1224 1635 1933 1999 1652 1517 1592 1215 1488 1709 1794 1004 1328 1767 1912 1859 1562 1315 1371 1108 1696 1041 1264 1089 1317 1191 1763 1433 1192 1244 1192 1240 1597 1249 1869 1992 1984 1852 1289 2000 1740 1717 1386 1594 1350 1682 1941 1297 1477 1505 1904 1909 1529 1133 1702 1424 1323 1945 1290 1287 1376 1182 1891 1854 1025 1713 1856 1815 1382 1203 1081 1526 1768 1113 1009 1699 1369 1702 1361 1627 1914 BCNSPRNW ULIB Ver.6.0+V

เปลี่ยนเป็นภาษาไทย

Change to English
 แสดงรายละเอียดบรรณานุกรม
  กลับหน้าหลัก

Brief Record : Get Marc (ISO 2709) : E-mail record : QR code < ปิดหน้าต่าง
LEADER : 00000nam 2200000uu 4500
001    13399120143
003     ULIB
008    120905s2553||||th 000 0 tha d
020    ^a9786111100617
060 04 ^aWY152^bอ373ก
100 0  ^aอรวรรณ แผนคง
245 10 ^aการพยาบาลผู้สูงอายุ /^cอรวรรณ แผนคง
250    ^aพิมพ์ครั้งที่ 2
260    ^aนนทบุรี :^bโครงการสวัสดิการวิชาการ สถาบันพระบรมราชชนก,^c2553
300    ^a147 หน้า ;^c26 ซม.
650  7 ^aการพยาบาลผู้สูงอายุ
650  7 ^aเวชศาสตร์วัยชรา
650  7 ^aผู้สูงอายุ^xการดูแล
710 2  ^aสถาบันพระบรมราชชนก. ^bโครงการสวัสดิการวิชาการ
945    ^p230^l0^i032683
945    ^p230^l0^i032684
945    ^p230^l0^i032685
995    ^aทศพร
999    ^aทศพร
รายการนี้ยังไม่มีแท็ก
คุณยังไม่ได้ล็อกอิน คุณสามารถมีกิจกรรมร่วมกับเว็บไซต์ได้ แต่ต้องล็อกอินก่อน ::
  ล็อกอิน

รายการสื่อสารสนเทศ

ลำดับที่ ประเภท เลขเรียก/บาร์โค้ด สถานที่ สถานะ
1. Book การพยาบาล
หนังสือสำรอง
สถานะ=หนังสือสำรอง
WY152 อ373ก ฉ.1 
  Barcode: 032683
ห้องสมุดวิทยาเขตสวรรค์ประชารักษ์
►ส่วนจัดเก็บหนังสือเก่า สปร
ถูกยืม กำหนดส่งวันที่ 21 เมษายน 2567
  จอง
2. Book การพยาบาล
Book การพยาบาล
WY152 อ373ก ฉ.2 
  Barcode: 032684
ห้องสมุดวิทยาเขตสวรรค์ประชารักษ์
►ส่วนจัดเก็บหนังสือเก่า สปร
บนชั้น
  ขอยืม
3. Book การพยาบาล
Book การพยาบาล
WY152 อ373ก ฉ.3 
  Barcode: 032685
ห้องสมุดวิทยาเขตสวรรค์ประชารักษ์
►ส่วนจัดเก็บหนังสือเก่า สปร
บนชั้น
  ขอยืม

รายการใกล้เคียง
    ผู้แต่ง [อรวรรณ แผนคง]

    หัวเรื่อง [การพยาบาลผู้สูงอายุ]
    หัวเรื่อง [เวชศาสตร์วัยชรา]
    หัวเรื่อง [ผู้สูงอายุ การดูแล]

BibComment


ยังไม่เคยถูกคอมเมนท์

คอมเมนท์ทรัพยากรรายการนี้
  คอมเมนท์: การพยาบาลผู้สูงอ..


 Copyright 2026. Bcnsprnw @Library